LEADER 01020nam a2200229 i 4500 001 000000239657 003 CaOOAMICUS 005 20150313000000.0 008 150313s1913 it u000 u ita u 013 $a218562 040 $aSeMil$bita 100 1 $aCrispolti, Crispolto.$0(OLS)http://semarc/name/66663 245 10$aPio 10. e un episodio nella storia del Partito Cattolico in Italia /$cCrispolto Crispolti. 250 $a[2. edizione]. 260 $aRoma :$bBontempelli e Invernizzi,$ccopyr. 1913. 300 $a212 p. ;$c20 cm. 600 04$aPio X .$0(OLS)http://semarc/subject/2400 650 4$aCattolici italiani - Attivitą politica - Sec. 19.-20.$0(OLS)http://semarc/subject/3864 850 $aSeMil 852 $aSeMil$W1$xVenegono$y1$m3N II 382$j190003$B190003$CSeMilBibl$Z2$F200827 $81 996 $6245$aPio 10. e un episodio nella storia del Partito Cattolico in Italia$9(OLS)http://semarc/title/341290 996 $6260$aRoma :$bBontempelli e Invernizzi$9(OLS)http://semarc/publisher/49555 LEADER 01097nam a2200229 i 4500 001 000000195540 003 CaOOAMICUS 005 20101217000000.0 008 101217s1974 it u000 u fre u 013 $a174217 040 $aSeMil$bita 100 1 $aPinell, Jordi .$0(OLS)http://semarc/name/17408 245 14$aLas oraciones del Salterio «Per Annum» en el nuevo libro de la Liturgia de Las Horas /$cJordi Pinell O. S. B. 260 $aRoma :$bEdizioni Liturgiche,$c1974. 300 $aVI, 99 p. ;$c24 cm. 490 0 $aBibliotheca Ephemerides Liturgicae. Subsidia ;$v2 650 4$aLiturgia delle ore - Commenti e studi.$0(OLS)http://semarc/subject/10767 830 0$aBibliotheca Ephemerides Liturgicae. Subsidia ;$v2.$0(OLS)http://semarc/title/38 850 $aSeMil 852 $aSeMil$W1$xVenegono$y1$m3KA A 2$j226606$B146109$CSeMilBibl$Z2$F157609 $81 996 $6245$aLas oraciones del Salterio «Per Annum» en el nuevo libro de la Liturgia de Las Horas$9(OLS)http://semarc/title/282149 996 $6260$aRoma :$bEdizioni Liturgiche$9(OLS)http://semarc/publisher/33221